| 000 | 00000nas##2200000za#4500 |
| 001 | 9.504230 |
| 003 | CaOODSP |
| 005 | 20200331212322 |
| 007 | cr ||||||||||| |
| 008 | 150406c1996||||xxc|| p o||||f| |0fre|d |
| 040 | |aCaOODSP|bfre |
| 043 | |an-cn--- |
| 086 | 1 |aBT49-4/16F-PDF |
| 110 | 1 |aCanada.|bConseil du trésor.|bDirection des ressources humaines. |
| 245 | 10|aStratégies en matière de ressources humaines d'une période en évolution : |h[ressource électronique]|bun recueil d'initiatives |
| 260 | |aOttawa - Ontario : |bSecrétariat du Conseil du Trésor du Canada. |
| 310 | |aIrrégulier |
| 362 | 1 |a1996-2001 |
| 500 | |aEn tête du titre de la 4e éd. (Oct. 2001): Recueil d'initiatives faisant suite au sondage de 1999 auprès des fonctionnaires fédéraux. La 4e éd. (oct. 2001) comporte le titre: Stratégies en matière de ressources humaines dans une ére de changement. La 4e éd. (oct. 2001) désignée une éd. spéciale. |
| 691 | 07|aRessources humaines|2gcpds |
| 691 | 07|aFonction publique|2gcpds |
| 775 | 08|tHuman resource strategies in times of change : |w(CaOODSP)9.507852 |